000 00489nam a2200181Ia 4500
001 20053
005 20260306172738.0
008 260306t2022||||xx |||||||||||||| ||spa||
041 _aESP
082 _a342.211
_bF41
100 _aFernández Fernández, Diego
_eAUT
245 0 _aEl Tribunal Europeo de Derechos Humanos:
_buna visión práctica para la abogacía
260 _c2022
300 _a764 páginas :
_c24 cm.
650 _aGEN
654 _aCDE
942 _cLIB
_dJUS
_fJUS
_2ddc
_n
999 _c20053
_d20053